The archaeology of early Christianity : (Record no. 55485)
[ view plain ]
| 000 -LEADER | |
|---|---|
| fixed length control field | 02023nam a2200241 4500 |
| 008 - FIXED-LENGTH DATA ELEMENTS--GENERAL INFORMATION | |
| fixed length control field | 201104b ||||| |||| 00| 0 eng d |
| 020 ## - INTERNATIONAL STANDARD BOOK NUMBER | |
| International Standard Book Number | 9780800631178 |
| 020 ## - INTERNATIONAL STANDARD BOOK NUMBER | |
| International Standard Book Number | 080063117X |
| 050 ## - LIBRARY OF CONGRESS CALL NUMBER | |
| Classification number | BR132 |
| Item number | .F74 1998 |
| 100 ## - MAIN ENTRY--PERSONAL NAME | |
| Personal name | Frend, W. H. C |
| 245 ## - TITLE STATEMENT | |
| Title | The archaeology of early Christianity : |
| Remainder of title | a history / |
| Statement of responsibility, etc | William H.C. Frend 250 |
| 250 ## - EDITION STATEMENT | |
| Edition statement | 1st Fortress Press paperback ed |
| 260 ## - PUBLICATION, DISTRIBUTION, ETC. (IMPRINT) | |
| Place of publication, distribution, etc | Minneapolis : |
| Name of publisher, distributor, etc | Fortress Press, |
| Date of publication, distribution, etc | 1998 |
| 300 ## - PHYSICAL DESCRIPTION | |
| Extent | xix, 412 pages, 12 unnumbered pages of plates : |
| Other physical details | illustrations (some color), maps ; |
| Dimensions | 24 cm |
| 500 ## - GENERAL NOTE | |
| General note | Includes bibliographical references (pages 393-404) and <br/> index |
| 520 ## - SUMMARY, ETC. | |
| Summary, etc | "Spectacular recent discoveries and a stream of material artifacts have heightened interest in what archaeology can tell us about early Christianity. The first of its kind, William Frend's important and engaging work tells the full story of the archaeological search for early Christianity. He shows how, despite nationalisms, religious rivalry, and personal ambition, archaeology since Napoleon's time has excavated important sites and developed scientific methods to explore them. He explains the important light archaeology sheds on the art, architecture, and social world of Christians in the Roman Empire. He shows how archaeology enriches our understanding of Jewish-Christian relations in the first centuries, and provides clues to long-ignored popular religion and non-orthodox traditions of the Donatists, Manichees, and Monophysites. And he shows how archaeology decisively corrects and modifies text-based scholarly consensus on the mission of Christianity in the Roman Empire."--Jacket |
| 650 ## - SUBJECT ADDED ENTRY--TOPICAL TERM | |
| Topical term or geographic name as entry element | Christian antiquities |
| General subdivision | Study and teaching |
| -- | History |
| 650 ## - SUBJECT ADDED ENTRY--TOPICAL TERM | |
| Topical term or geographic name as entry element | Christian antiquities |
| 650 ## - SUBJECT ADDED ENTRY--TOPICAL TERM | |
| Topical term or geographic name as entry element | Excavations (Archaeology) |
| 650 ## - SUBJECT ADDED ENTRY--TOPICAL TERM | |
| Topical term or geographic name as entry element | Church history |
| General subdivision | Study and teaching |
| -- | History |
| Chronological subdivision | |yPrimitive and early church, ca. 30-600 |
| 650 ## - SUBJECT ADDED ENTRY--TOPICAL TERM | |
| Topical term or geographic name as entry element | Church history |
| Chronological subdivision | Primitive and early church, ca. 30-600 |
| 942 ## - ADDED ENTRY ELEMENTS (KOHA) | |
| Source of classification or shelving scheme | Library of Congress Classification |
| Item type | Book |
| Withdrawn status | Lost status | Source of classification or shelving scheme | Damaged status | Not for loan | Collection code | Home library | Current library | Shelving location | Date acquired | Source of acquisition | Full call number | Barcode | Copy number | Price effective from | Koha item type |
|---|---|---|---|---|---|---|---|---|---|---|---|---|---|---|---|
| Library of Congress Classification | Non-fiction | Bishop Okullu Memorial Library (Limuru Campus) | Bishop Okullu Memorial Library (Limuru Campus) | General Circulation | 04/11/2020 | Donations TBN | BR132 .F74 1998 | 064147 | 1 | 04/11/2020 | Book |